Zpáteční lístek do dětství. Povídky, pohádky a fejtony (tentokrát pro dospělé).

Uložené v:
Podrobná bibliografia
Hlavný autor: Jedlička, Antonín
Médium: Kniha
Jazyk:Slovak
Vydané: 1983.
Fyzický popis: 129 s.
Tagy: Pridať tag
Žiadne tagy, Buďte prvý kto otaguje tento záznam!

MARC

LEADER 00000nam a22000004a 4500
001 000573421
005 20180221124829.0
008 180221s1983 xo e 000 0 slo d
040 |a SVKKK  |b slo  |c SVKKK  |e AACR2 
100 1 |a Jedlička, Antonín 
245 1 0 |a Zpáteční lístek do dětství. Povídky, pohádky a fejtony (tentokrát pro dospělé). 
260 |c 1983. 
300 |a 129 s. 
500 |a Záznam revízie 
910 |a svkkk 
998 |a BK 
090 |g SCKHL  |k Sklad Hlavná 10 suterén  |a I.55502  |j 691830  |i 2720690089  |s Povinný výt.